000 00586nam a2200205Ia 4500
005 20250326144958.0
008 250326s9999 xx 000 0 und d
020 _a0-09-173071-6
037 _aTextbook
040 _aFMSL
_beng
_cFMSL
041 _aeng
_2eng
084 _aX8(J3):8 M7
_qFMSL
100 _aBoella M J
_9403172
245 0 _aHuman resource management in the hotel and catering industry
_cBoella M J; Mhcima
250 _a14
260 _aLondon
_bLondon, Hutchinson
_c1987
300 _a282p
942 _cTB
_hX8(J3):8 M7
999 _c1305896
_d1305896